[Event "19th Czech Jihlavanka B Open"]
[Site "Pardubice CZE"]
[Date "2008.07.25"]
[Round "8"]
[White "Korsus,B"]
[Black "Nedochetov,M"]
[Result "1/2-1/2"]
[WhiteElo "2263"]
[BlackElo "2354"]

1.d4 d5 2.c4 c6 3.Nf3 Nf6 4.Nc3 dxc4 5.a4 Bf5 6.e3 e6 7.Bxc4 Bb4 8.O-O Nbd7
9.Qb3 a5 10.Na2 Be7 11.Bd2 Qb6 12.Rfc1 Qxb3 13.Bxb3 O-O 14.Bc2 Bxc2 15.Rxc2 Bd6
16.Nc1 e5 17.Bc3 exd4 18.Bxd4 Ne4 19.Nd2 Nxd2 20.Rxd2 Bb4  1/2-1/2

[Event "ch-AUT"]
[Site "Leoben AUT"]
[Date "2008.07.26"]
[Round "8"]
[White "Dietmayer Kraeutler,M"]
[Black "Ragger,M"]
[Result "1/2-1/2"]
[WhiteElo "2305"]
[BlackElo "2527"]

1.d4 d5 2.c4 c6 3.Nc3 Nf6 4.Nf3 dxc4 5.a4 Bf5 6.e3 e6 7.Bxc4 Bb4 8.O-O Nbd7
9.Qe2 O-O 10.e4 Bg6 11.e5 Nd5 12.Nxd5 cxd5 13.Bd3 Bxd3 14.Qxd3  1/2-1/2

[Event "III Open"]
[Site "Oviedo ESP"]
[Date "2008.07.26"]
[Round "4"]
[White "Manolache,M"]
[Black "Pozo Vera,S"]
[Result "1-0"]
[WhiteElo "2521"]
[BlackElo "2454"]

1.d4 d5 2.Nf3 Nf6 3.c4 c6 4.Nc3 dxc4 5.a4 Bf5 6.e3 e6 7.Bxc4 Bb4 8.O-O O-O
9.Nh4 Nbd7 10.Nxf5 exf5 11.Qc2 g6 12.f3 Rc8 13.Kh1 Nb6 14.Ba2 c5 15.d5 Qd6
16.e4 f4 17.Nb5 Qe5 18.a5 Nbd7 19.a6 Rb8 20.Bc4 Nh5 21.g4 fxg3 22.f4 Qe7
23.h3 Nb6 24.e5 Nxc4 25.Qxc4 Rfd8 26.Kg2 bxa6 27.Rxa6 Qb7 28.Nd6 Qe7 29.b3 Rb6
30.Ra2 f6 31.Re2 Rbxd6 32.exd6 Qxd6 33.Rd1 Ng7 34.Bb2 Nh5 35.Re4 Kg7 36.Kf3 g2
37.Kxg2 Qd7 38.Re6 Qxe6 39.dxe6 Rxd1 40.e7 Re1 41.Be5 fxe5 42.e8=Q Nxf4+
43.Kf3 Kh6 44.Qxe5  1-0

[Event "41st Festival MTO"]
[Site "Biel SUI"]
[Date "2008.07.29"]
[Round "8"]
[White "Gleizerov,E"]
[Black "Tairova,E"]
[Result "1/2-1/2"]
[WhiteElo "2549"]
[BlackElo "2417"]

1.d4 d5 2.c4 c6 3.Nf3 Nf6 4.Nc3 dxc4 5.a4 Bf5 6.e3 e6 7.a5 Bb4 8.Qa4 Bd6
9.Bxc4 O-O 10.Qb3 Qc7 11.Nh4 Bg4 12.e4 e5 13.dxe5 Bxe5 14.h3 Bh5 15.O-O Nbd7
16.Qc2  1/2-1/2

[Event "13th Pannonia Cup"]
[Site "Balatonalmadi HUN"]
[Date "2008.07.30"]
[Round "1"]
[White "Sulyok,S"]
[Black "Somody,R"]
[Result "1-0"]
[WhiteElo "2291"]
[BlackElo "1821"]

1.d4 d5 2.Nf3 Nf6 3.c4 c6 4.Nc3 dxc4 5.a4 Bf5 6.e3 e6 7.Bxc4 Bb4 8.Qb3 a5
9.O-O O-O 10.Na2 Na6 11.Nxb4 Nxb4 12.Bd2 Bc2 13.Qa3 Nbd5 14.Rac1 Bg6 15.Ne5 Ne4
16.Nxg6 hxg6 17.Be1 f5 18.f3 Nd6 19.Ba2 Qd7 20.Qc5 Nxe3 21.Bg3 f4 22.Bxf4 Nxf1
23.Bxd6 Rf5 24.Qa3 Rd8 25.Bc5 Nxh2 26.Kxh2 Qc7+ 27.Kg1 Qf4 28.Re1 Kh7 29.Qe3 Qh4
30.Qf2 Qf4 31.Bxe6 Rh5 32.Bg4 Qh2+ 33.Kf1 Rh6 34.Re4 Qc7 35.Bh3 b6 36.Be7 Rd5
37.Bh4 g5 38.Bg3  1-0

[Event "17th Open"]
[Site "Kavala GRE"]
[Date "2008.08.03"]
[Round "5"]
[White "Kuljasevic,D"]
[Black "Oleksienko,M"]
[Result "1/2-1/2"]
[WhiteElo "2501"]
[BlackElo "2588"]

1.d4 d5 2.c4 c6 3.Nf3 Nf6 4.Nc3 dxc4 5.a4 Bf5 6.e3 e6 7.Bxc4 Bb4 8.O-O O-O
9.Qe2 Bg6 10.Ne5 Nbd7 11.Nxg6 hxg6 12.Na2 Bd6 13.e4 e5 14.f4 exd4 15.e5 Bc5
16.Kh1 Nd5 17.b4 Bb6 18.a5 Bc7 19.Qe4 Re8 20.Bxd5 cxd5 21.Qxd4 g5 22.Qxd5 b6
23.Rd1 gxf4 24.Qxd7 Qxd7 25.Rxd7 Bxe5 26.Rb1 Red8 27.Rxd8+ Rxd8 28.Kg1 Rd1+
29.Kf2 g5 30.g3 g4 31.gxf4 Bxf4 32.Ke2 Rh1 33.Kd3 Bxh2 34.Nc3 bxa5 35.bxa5 Bc7
36.a6 Rh3+ 37.Kc4 Be5 38.Nd5 Rh1 39.Kd3 g3 40.Kc2 g2 41.Be3 Rxb1 42.Kxb1 Bh2
43.Bxa7 g1=Q+ 44.Bxg1 Bxg1 45.Kc2 Kf8 46.Kd3 Ba7 47.Nb4 Ke8 48.Nc6 Bb6 49.a7 Bxa7
50.Nxa7  1/2-1/2

[Event "12th HZ Open"]
[Site "Vlissingen NED"]
[Date "2008.08.04"]
[Round "4"]
[White "Ernst,S"]
[Black "Sriram,J"]
[Result "1-0"]
[WhiteElo "2581"]
[BlackElo "2429"]

1.d4 d5 2.c4 c6 3.Nf3 Nf6 4.Nc3 dxc4 5.a4 Bf5 6.Nh4 e6 7.Nxf5 exf5 8.Bg5 Bb4
9.e3 Qa5 10.Bxf6 Bxc3+ 11.bxc3 Qxc3+ 12.Ke2 gxf6 13.Kf3 b5 14.axb5 cxb5 15.Qb1 Nc6
16.Qxb5 O-O 17.Rd1 Qc2 18.Qb1 Qa4 19.Be2 Ne7 20.Qb7 Ng6 21.h4 Qc2 22.Qb1 Qxb1
23.Rxb1 Rfc8 24.h5 Ne7 25.Rhc1 c3 26.Rb3 Nd5 27.Ba6 Rab8 28.Rxb8 Rxb8 29.Bc4 Nb6
30.Bb3 Rc8 31.Ke2 Kg7 32.Kd3 Kh6 33.Rxc3 Rxc3+ 34.Kxc3 Kxh5 35.Bxf7+ Kg5
36.Be6 f4 37.e4 Na8 38.Bf5 Kh6 39.Kc4 Kg7 40.Kc5 h6 41.Kc6 Kf7 42.Kb7 Nb6
43.Kxa7 Nc4 44.Kb7 Ke7 45.Kc6 Nb2 46.Bg4 Nd3 47.Kc7 Nxf2 48.Bf5  1-0

[Event "IV RC Sport Open"]
[Site "Ceska Trebova CZE"]
[Date "2008.08.10"]
[Round "4"]
[White "Tikkanen,H"]
[Black "Sabol,M"]
[Result "1-0"]
[WhiteElo "2417"]
[BlackElo "2345"]

1.d4 d5 2.c4 c6 3.Nf3 Nf6 4.Nc3 dxc4 5.a4 Bf5 6.e3 e6 7.a5 Nbd7 8.Bxc4 Be7
9.O-O O-O 10.Qe2 b5 11.axb6 axb6 12.Rxa8 Qxa8 13.Nh4 Bg6 14.Nxg6 hxg6 15.e4 b5
16.Bd3 b4 17.e5 bxc3 18.exf6 Bxf6 19.bxc3 c5 20.Bb5 Rd8 21.Bxd7 Rxd7 22.Qb5 Rd5
23.dxc5 Qc8 24.Be3 Be7 25.c4 Rh5 26.Rb1 Kh7 27.Qb7 Qd8 28.c6 Bd6 29.g3 Bc7
30.Bb6 Bxb6 31.Qxb6 Qxb6 32.Rxb6 Rc5 33.Rb4 g5 34.Kf1 Kg6 35.Ke2 Rxc6 36.Kd3 Kf6
37.Rb5 g4 38.c5 Ra6 39.Rb2 Ke7 40.Rb7+ Kf6 41.Rb2 Ke7 42.Kc4 f5 43.Rd2 Ra1
44.Kb5 e5 45.c6 Rb1+ 46.Ka6 e4 47.c7 Ra1+ 48.Kb7 Rb1+ 49.Kc8 g5 50.Rd7+ Ke8
51.Rd5  1-0

[Event "Arctic Chess Challenge"]
[Site "Tromso NOR"]
[Date "2008.08.10"]
[Round "9"]
[White "Thingstad,E"]
[Black "Hansen,Vi"]
[Result "1-0"]
[WhiteElo "2019"]
[BlackElo "2124"]

1.d4 d5 2.c4 c6 3.Nc3 Nf6 4.Nf3 dxc4 5.a4 Bf5 6.e3 e6 7.a5 Bb4 8.Qa4 Qe7
9.Bxc4 O-O 10.O-O Nbd7 11.Be2 Rfd8 12.Bd2 Bg6 13.a6 Nb6 14.Qb3 bxa6 15.Ne5 Rac8
16.Bf3 c5 17.Nc6 Rxc6 18.Bxc6 a5 19.Bb5 cxd4 20.exd4 Rxd4 21.Be3 Rd8 22.Rfd1 Nbd5
23.Nxd5 Nxd5 24.Bd2 Rb8 25.Bxb4 axb4 26.Qa4 Qc5 27.Rdc1 Nc3 28.bxc3 Qxb5
29.cxb4 h5 30.Rc8+ Kh7 31.Rxb8 Qxb8 32.h3 Qf4 33.Qb5 Qd4 34.Rc1 Qd2 35.Qc5 a6
36.Qc3 Qf4 37.Ra1 Qd6 38.Qc5 Qd3 39.Qb6 Qc3 40.Rd1 Qc2 41.Ra1 Bd3 42.Qe3 Bg6
43.Qd4 Qe2 44.Qd6 Bd3 45.Rc1 Bg6 46.Qd4 Qb5 47.Rc5 Qe2 48.Ra5 f6 49.Rc5 e5
50.Qe3 Qd1+ 51.Kh2 Qb1 52.Qd2 Qf1 53.Rc7 Bf5 54.Qe3 Qb5 55.Qa7 Qxb4 56.Rxg7+ Kh6
57.Rg8  1-0

[Event "Najdorf Memorial Open"]
[Site "Warsaw POL"]
[Date "2008.08.10"]
[Round "9"]
[White "Salem,AR"]
[Black "Savchenko,S"]
[Result "0-1"]
[WhiteElo "2443"]
[BlackElo "2557"]

1.d4 d5 2.c4 c6 3.Nf3 Nf6 4.Nc3 dxc4 5.a4 Bf5 6.Ne5 e6 7.f3 c5 8.e4 Bg6 9.d5 exd5
10.Nxg6 hxg6 11.e5 Nh5 12.Nxd5 Nd7 13.Qe2 Qh4+ 14.Qf2 Qxf2+ 15.Kxf2 O-O-O
16.f4 g5 17.Be2 Nxe5 18.fxe5 Rxd5 19.Bxg5 Rxe5 20.Bg4+ Kc7 21.h4 Bd6 22.Rad1 Ng3
23.Rhe1 Ne4+ 24.Kg1 Nxg5 25.Rxe5 Bxe5 26.hxg5 Bd4+ 27.Kf1 Rh1+ 28.Ke2 Rxd1
29.Kxd1 Bxb2 30.Be2 c3 31.Kc2 Kb6 32.Bc4 Ka5 33.Kb3 a6  0-1

[Event "Acropolis Open"]
[Site "Athens GRE"]
[Date "2008.08.13"]
[Round "5"]
[White "Galopoulos,N"]
[Black "Makka,E"]
[Result "1-0"]
[WhiteElo "2270"]
[BlackElo "2099"]

1.d4 d5 2.c4 c6 3.Nf3 Nf6 4.Nc3 dxc4 5.a4 Bf5 6.Ne5 Nbd7 7.Nxc4 Qc7 8.g3 e5
9.dxe5 Nxe5 10.Bf4 Nfd7 11.Bg2 g5 12.Ne3 gxf4 13.Nxf5 O-O-O 14.O-O fxg3 15.hxg3 Kb8
16.Qc2 Nf6 17.Rfd1 Rxd1+ 18.Rxd1 h5 19.Ne4 Nxe4 20.Qxe4 a5 21.Rd8+ Ka7 22.Qd4+ Bc5
23.Qxc5+ b6 24.Qd6 Qxd8 25.Qxe5 Re8 26.Qg7 Qd7 27.Nd4 Rc8 28.Qf6 Kb7 29.Kh2 Rc7
30.Nb5 Qe7 31.Bxc6+ Kb8 32.Qf4  1-0

[Event "Open"]
[Site "Ptuj SLO"]
[Date "2008.08.13"]
[Round "6"]
[White "Jeraj,Z"]
[Black "Crepan,M"]
[Result "1/2-1/2"]
[WhiteElo "2155"]
[BlackElo "2363"]

1.d4 d5 2.Nf3 Nf6 3.c4 c6 4.Nc3 dxc4 5.a4 Bf5 6.Ne5 Nbd7 7.Nxc4 Qc7 8.f3 e5
9.e4 exd4 10.Ne2 Bb4+ 11.Bd2 Bxd2+ 12.Qxd2 Be6 13.Nxd4 Bxc4 14.Bxc4 Ne5 15.Be2 Rd8
16.Qc3 a5 17.O-O Qb6 18.Rfd1 O-O 19.Kf1 Ng6 20.g3 Rfe8 21.Nf5 Qc7 22.Bc4 Ne5
23.Be2 Ng6 24.Kg2 Re5 25.Rxd8+ Qxd8 26.h4 h5 27.Rd1 Qf8 28.Bc4 Rc5 29.Nd6 Nd5
30.exd5 Qxd6 31.Qd4 cxd5 32.Bxd5 Rc2+ 33.Rd2 Rxd2+ 34.Qxd2 Qb6 35.b3 Ne7
36.Be4 g6 37.Qd7 Nc6 38.Bd5 Nd8 39.f4 Qf6 40.Bxb7 Qb2+ 41.Kh3 Ne6 42.Qd3 Nd4
43.Bd5 Kg7 44.Qe3 Kf8 45.Qe5 Qf2 46.Qd6+ Kg7 47.Qe5+ Kf8 48.Qd6+ Kg7 49.Qe5+  1/2-1/2

[Event "Open"]
[Site "Ptuj SLO"]
[Date "2008.08.13"]
[Round "6"]
[White "Drnovsek,N"]
[Black "Loncar,R"]
[Result "0-1"]
[WhiteElo "2096"]
[BlackElo "2446"]

1.d4 d5 2.c4 c6 3.Nf3 Nf6 4.Nc3 dxc4 5.a4 Bf5 6.e3 e6 7.Bxc4 Bb4 8.O-O O-O
9.Qe2 Nbd7 10.e4 Bg6 11.Bd3 h6 12.Bd2 Qa5 13.e5 Bxd3 14.Qxd3 Nd5 15.Ne4 Bxd2
16.Nfxd2 c5 17.Nb3 Qb4 18.Nbxc5 Nxc5 19.Nxc5 Nf4 20.Qe4 Qxd4 21.Qxd4 Ne2+
22.Kh1 Nxd4 23.Rfd1 Nc6 24.f4 b6 25.Ne4 Nb4 26.Rac1 Rfc8 27.g3 Nd5 28.Nd6 Rd8
29.Rc6 Rd7 30.Rdc1 Rad8 31.Ne4 Ne3 32.Nd6 Nd5 33.Rc8 f6 34.Rxd8+ Rxd8 35.Rc8 Rxc8
36.Nxc8 fxe5 37.fxe5 a6 38.b4 Nxb4 39.Nxb6 Kf7 40.Nd7 Nd3 41.Kg2 Ke7 42.Nb8 Nb4
43.Kf3 a5 44.Kg4 g6  0-1

[Event "Independence Cup G"]
[Site "Kyiv UKR"]
[Date "2008.08.14"]
[Round "1"]
[White "Zontakh,A"]
[Black "Slugin,S"]
[Result "1-0"]
[WhiteElo "2582"]
[BlackElo "2425"]

1.d4 d5 2.c4 c6 3.Nf3 Nf6 4.Nc3 dxc4 5.a4 Bf5 6.Ne5 e6 7.g3 Nbd7 8.Nxc4 Nb6
9.Ne5 Bb4 10.Bg2 Nbd5 11.Bd2 Qb6 12.e3 Be7 13.g4 Bg6 14.g5 Nd7 15.Nxd7 Kxd7
16.e4 Nb4 17.O-O h6 18.gxh6 gxh6 19.Be3 Ke8 20.f4 f5 21.a5 Qc7 22.d5 exd5
23.exd5 c5 24.d6 Qxd6 25.Qxd6 Bxd6 26.Nb5 Nc2 27.Nxd6+ Ke7 28.Rad1  1-0

[Event "VII Open"]
[Site "Ortigueira ESP"]
[Date "2008.08.15"]
[Round "6"]
[White "Manolache,M"]
[Black "Pozo Vera,S"]
[Result "1/2-1/2"]
[WhiteElo "2521"]
[BlackElo "2454"]

1.d4 d5 2.Nf3 Nf6 3.c4 c6 4.Nc3 dxc4 5.a4 Bf5 6.Nh4 e6 7.Nxf5 exf5 8.Bg5 Be7
9.e3 Ne4 10.Bxe7 Qxe7 11.Bxc4 O-O 12.O-O Nd7 13.Re1 Rad8 14.f3 Nef6 15.Qc2 g6
16.a5 Qd6 17.Qb3 b5 18.axb6 axb6 19.Ra6 Rde8 20.g3 Kg7 21.Qa3 Qb8 22.Bf1 c5
23.Nb5 h5 24.b4 h4 25.bxc5 hxg3 26.Nd6 gxh2+ 27.Kxh2 bxc5 28.dxc5 Re5 29.Qa1 Rxc5
30.Kg1 Qc7 31.Re2 Rd5 32.Qa3 Nc5 33.Rc2 Rxd6 34.Qxc5 Qxc5 35.Rxc5 Rd1 36.Ra7 Nd5
37.Kf2 Nxe3 38.Be2 Rd5 39.Rxd5 Nxd5 40.Bc4 Nf4 41.Ba2 Kf6 42.Ra6+ Ne6 43.Bc4 Rc8
44.Ra4 Rb8 45.Ra2 Rb4 46.Rc2 Nd4 47.Rc3 f4 48.Bd5 Rb5 49.Ba8 Rb2+ 50.Kf1 Nf5
51.Rc7 Ne3+ 52.Ke1 g5 53.Be4 Rb6 54.Ke2 Ke6 55.Bb7 f5 56.Kd3 Rd6+ 57.Ke2 Kf6
58.Rh7 Kg6 59.Rc7 g4 60.fxg4 fxg4 61.Rc5 Rb6 62.Be4+ Kf6 63.Kd3 g3 64.Rc8 Rb2
65.Rf8+ Ke5 66.Re8+ Kd6 67.Rf8 Rf2 68.Rg8 Ke5 69.Rg5+ Kf6 70.Rg6+ Kf7 71.Rg5 Nd1
72.Kd4 Ne3 73.Ke5 g2 74.Bg6+ Ke7 75.Be4 Kf7 76.Bg6+ Ke7 77.Be4 Kd7 78.Rg7+ Kd8
79.Kd6 Rd2+ 80.Ke5 Rf2 81.Kd6 Rd2+ 82.Ke5 Nc4+ 83.Kxf4 Rf2+ 84.Bf3 Nd2 85.Ke3 Nxf3
86.Kxf2 g1=Q+ 87.Rxg1 Nxg1 88.Kxg1  1/2-1/2

[Event "Open"]
[Site "Ptuj SLO"]
[Date "2008.08.15"]
[Round "8"]
[White "Drnovsek,N"]
[Black "Kolar,Dr"]
[Result "1/2-1/2"]
[WhiteElo "2096"]
[BlackElo "1902"]

1.d4 d5 2.c4 c6 3.Nf3 Nf6 4.Nc3 dxc4 5.a4 Bf5 6.e3 e6 7.Bxc4 Bb4 8.O-O Nbd7
9.Nh4 Bg4 10.Qb3 Qb6 11.f3 Bh5 12.g4 Bg6 13.Rd1 O-O 14.e4 e5 15.Be3 exd4
16.Bxd4 Bc5 17.Qxb6 Bxb6 18.Bb3 Rfd8 19.Bxb6 axb6 20.h3 Nc5 21.Bc2 Ne6 22.Ne2 Kf8
23.Kf2 Ng5 24.Nf4 Bxe4 25.fxe4 Ngxe4+ 26.Bxe4 Nxe4+ 27.Kf3 Nd2+ 28.Ke2 Nb3
29.Nf5 Re8+ 30.Kf3 Nxa1 31.Rxa1 Ra7 32.b3  1/2-1/2

[Event "GM-Duel"]
[Site "Lucerne SUI"]
[Date "2008.08.16"]
[Round "2"]
[White "Pelletier,Y"]
[Black "Huebner,R"]
[Result "1/2-1/2"]
[WhiteElo "2569"]
[BlackElo "2600"]

1.d4 d5 2.c4 c6 3.Nf3 Nf6 4.Nc3 dxc4 5.a4 Bf5 6.e3 e6 7.Bxc4 Bb4 8.O-O Nbd7
9.Qe2 Bg6 10.e4 O-O 11.Bd3 Bh5 12.e5 Nd5 13.Nxd5 cxd5 14.Qe3 Be7 15.Ne1 Bg6
16.f4 Qb6 17.a5 Qc6 18.Rf2 Bxd3 19.Qxd3 Nb8 20.Bd2 Qd7 21.Nc2 Nc6 22.f5 f6
23.fxe6 Qxe6 24.a6 bxa6 25.exf6 Rxf6 26.Rxf6 Bxf6 27.Rxa6 Rb8 28.Bc3 Bd8
29.Ra1 Bb6 30.Re1 Qd7 31.Qe3 Rc8 32.h3 h6 33.Kh1 Qd6 34.Kg1 Qd7 35.Kh1 Qd6  1/2-1/2

[Event "Independence Cup A"]
[Site "Kyiv UKR"]
[Date "2008.08.17"]
[Round "5"]
[White "Grinev,V"]
[Black "Kernazhitsky,L"]
[Result "1-0"]
[WhiteElo "2297"]
[BlackElo "2349"]

1.d4 d5 2.c4 c6 3.Nf3 Nf6 4.Nc3 dxc4 5.a4 Bf5 6.Ne5 Nbd7 7.Nxc4 e6 8.f3 c5
9.e4 cxd4 10.Qxd4 Bc5 11.Qd1 Bg6 12.Nd6+ Bxd6 13.Qxd6 a6 14.Be3 Qe7 15.Qxe7+ Kxe7
16.Be2 Rac8 17.Kf2 Ne5 18.Rhd1 Nfd7 19.Ra3 Nc6 20.Bf4 Rhd8 21.Bd6+ Ke8 22.f4 Na5
23.f5 exf5 24.Nd5 Nf6 25.Nxf6+ gxf6 26.exf5 Bxf5 27.Re3+ Be6 28.Bh5 Rc2+
29.Kg1 Rxd6 30.Rxd6 Kf8 31.Rd8+ Ke7 32.Rh8 Rxb2 33.Bg4 Nc4 34.Re1 Ne5 35.Bxe6 Kxe6
36.Rxh7 b5 37.axb5 axb5 38.h4 b4 39.Rh8 Kf5 40.Rg8 b3 41.Rf1+ Ke6 42.h5 Rc2
43.h6 b2 44.h7 Rc1 45.Rb8 b1=Q 46.Rxb1 Rc8 47.Rb6+ Ke7 48.Rbxf6 Rh8 49.Rh6 Kf8
50.Rh5 Ng6 51.g4 Kg7 52.Kg2 Ra8 53.Kg3 Ra3+ 54.Rf3 Ra8 55.Rb3 Rc8 56.Kf3 Re8
57.Rb7 Nh8 58.Ra7 Ng6 59.Rb7 Nh8 60.Rb3 Ng6 61.Re3 Ra8 62.Rh1 Rb8 63.Ke4 Rb4+
64.Kd5 Rxg4 65.Re8 Rg5+ 66.Kd6  1-0

[Event "5th DA Tan Malaysian Open"]
[Site "Kuala Lumpur MAS"]
[Date "2008.08.18"]
[Round "2"]
[White "Zhang Ziyang"]
[Black "Simanjuntak,S"]
[Result "1-0"]
[WhiteElo "2441"]
[BlackElo "2256"]

1.d4 d5 2.Nf3 Nf6 3.c4 c6 4.Nc3 dxc4 5.a4 Bf5 6.Ne5 Nbd7 7.Nxc4 Nb6 8.Ne3 g6
9.Nxf5 gxf5 10.Bg5 Bg7 11.e3 Nbd5 12.Bd3 Qa5 13.O-O e6 14.Qf3 Nxc3 15.bxc3 Qxc3
16.Bxf6 Bxf6 17.Ba6 Rb8 18.Rab1 O-O 19.Bxb7 Qc2 20.a5 Kh8 21.a6 Be7 22.Rbc1 Qe4
23.Qxe4 fxe4 24.Rxc6 Kg7 25.Rc7 Bd6 26.Rd7 Rfd8 27.Rxd8 Rxd8 28.Bxe4 Rc8
29.f4 Rc3 30.Kf2 Ba3 31.Rb1 Bc1 32.Bd3 Rxd3 33.Rxc1 Ra3 34.Rc6 Ra2+ 35.Kf3 Kf8
36.h4 Ke8 37.Rc8+ Kd7 38.Rh8 Rxa6 39.Rxh7 Ke7 40.h5 Ra1 41.h6 a5 42.g4 a4
43.g5 Ra3 44.g6  1-0

[Event "Petrovskaya Ladya GM2"]
[Site "Peterhof RUS"]
[Date "2008.08.18"]
[Round "10"]
[White "Duzhakov,I"]
[Black "Savchenko,S"]
[Result "1/2-1/2"]
[WhiteElo "2267"]
[BlackElo "2557"]

1.d4 d5 2.c4 c6 3.Nf3 Nf6 4.Nc3 dxc4 5.a4 Bf5 6.Ne5 Nbd7 7.Nxc4 Qc7 8.Qd2 g6
9.f3 e5 10.dxe5 Nxe5 11.e4 Be6 12.Qg5 Nxc4 13.Bxc4 Bxc4 14.Qxf6 Rg8 15.Bf4 Qe7
16.Qd4 Bb3 17.e5 Qb4 18.Qxb4 Bxb4 19.O-O g5 20.Be3 Bxc3  1/2-1/2

[Event "5th DA Tan Malaysian Open"]
[Site "Kuala Lumpur MAS"]
[Date "2008.08.20"]
[Round "6"]
[White "Li Shilong"]
[Black "Goldenberg,I"]
[Result "1-0"]
[WhiteElo "2511"]
[BlackElo "2386"]

1.d4 d5 2.c4 c6 3.Nf3 Nf6 4.Nc3 dxc4 5.a4 Bf5 6.Ne5 Nbd7 7.Nxc4 Nb6 8.Ne5 e6
9.g3 Nbd5 10.Bg2 Bb4 11.Bd2 O-O 12.O-O a5 13.Re1 Nb6 14.e4 Bg6 15.Bg5 Be7
16.h4 Qc7 17.Bf3 h6 18.Bf4 Qc8 19.Nxg6 fxg6 20.Bg2 Kh7 21.Bh3 Nh5 22.Be3 Nc4
23.Qg4 Qc7 24.Qxe6 Nxb2 25.e5 Bb4 26.Qb3 Nd3 27.Red1 Bxc3 28.Qxc3 Nb4 29.d5 Qf7
30.e6 Qf3 31.Bg2 Qf5 32.e7 Rfe8 33.d6 Nf6 34.Bd4 Nbd5 35.Qb2 Qe6 36.Bxf6 gxf6
37.Bxd5 cxd5 38.Qxb7 Qxd6 39.Rxd5 Qe6 40.Rd8 Rc8 41.Rad1  1-0

[Event "23rd Open"]
[Site "Schwarzach AUT"]
[Date "2008.08.20"]
[Round "5"]
[White "Durakovic,A"]
[Black "Hess,C1"]
[Result "0-1"]
[WhiteElo "2151"]
[BlackElo "2235"]

1.d4 d5 2.c4 c6 3.Nf3 Nf6 4.Nc3 dxc4 5.a4 Bf5 6.Ne5 Nbd7 7.Nxc4 Nb6 8.Ne5 a5
9.f3 Nfd7 10.Nxd7 Nxd7 11.e4 Bg6 12.Be3 Qb6 13.Qd2 e5 14.O-O-O O-O-O 15.h4 h5
16.g3 exd4 17.Bxd4 Bc5 18.Bh3 Bxd4 19.Qxd4 Qxd4 20.Rxd4 Kc7 21.Rhd1 Nc5 22.Kc2 f6
23.Ne2 Bf7 24.Rxd8 Rxd8 25.Rxd8 Bb3+ 26.Kc3 Kxd8 27.Nd4 Bxa4 28.Bf1 Bd1 29.Bc4 Na4+
30.Kd2 Nxb2 31.Ba2 a4 32.Kc3 a3 33.Kb4 c5+ 34.Kxa3 cxd4 35.Kxb2 Bxf3 36.Bd5 Kc7
37.Kb3 f5 38.Kc4 d3  0-1

[Event "23rd Open"]
[Site "Schwarzach AUT"]
[Date "2008.08.20"]
[Round "5"]
[White "Zoebisch,H"]
[Black "Groetz,H"]
[Result "1-0"]
[WhiteElo "2133"]
[BlackElo "2405"]

1.d4 d5 2.c4 c6 3.Nf3 Nf6 4.Nc3 dxc4 5.a4 Bf5 6.Ne5 Nbd7 7.Nxc4 Nb6 8.Ne5 a5
9.f3 Nfd7 10.Nxd7 Qxd7 11.e4 Bg6 12.Be3 e6 13.d5 Nc8 14.dxc6 Qxd1+ 15.Rxd1 bxc6
16.Be2 Rb8 17.Rd2 Bb4 18.O-O Nb6 19.Ra1 f6 20.Rc2 Be7 21.Nd1 Nd5 22.Bc5 Kf7
23.Bxe7 Nxe7 24.Rc5 f5 25.exf5 Bxf5 26.Rxa5 Bc2 27.Ra7 Bxd1 28.Rxd1 Rxb2
29.Bc4 Kf6 30.a5 Nf5 31.Re1 Nd4 32.a6 Rc2 33.Bf1 Ra2 34.Rb7 Ra8 35.Rb6 h5
36.h4 Ra5 37.Reb1 Ke5 38.Bc4 Kf4 39.Kf2 Ra3 40.Rb7 g6 41.Re1 Nxf3 42.g3+  1-0

[Event "8th Abierto Invierno"]
[Site "Villa Ballester ARG"]
[Date "2008.08.20"]
[Round "4"]
[White "Quiroga,F"]
[Black "Gibson,T"]
[Result "0-1"]
[WhiteElo "2339"]
[BlackElo "2237"]

1.d4 d5 2.c4 c6 3.Nf3 Nf6 4.Nc3 dxc4 5.a4 Bf5 6.e3 e6 7.Bxc4 Bb4 8.O-O O-O
9.Nh4 Bg4 10.f3 Bh5 11.g3 Qb6 12.Ng2 c5 13.a5 Bxa5 14.Na4 Qc7 15.Nxc5 b6
16.Qa4 bxc5 17.Qxa5 Qxa5 18.Rxa5 cxd4 19.Nf4 Bg6 20.Nxg6 hxg6 21.Bb5 Rd8
22.Rd1 e5 23.f4 exf4 24.gxf4 Rd5 25.e4 Nxe4 26.Bc6 Rxa5 27.Bxe4 Nc6 28.b4 Ra1
29.b5 Re8 30.bxc6 Rxe4 31.c7 Re8 32.Kf2 Rc8 33.Rxd4 Rxc7  0-1

[Event "Open A"]
[Site "Vladimir RUS"]
[Date "2008.08.20"]
[Round "8"]
[White "Dudukin,Ilya"]
[Black "Svetlov,D"]
[Result "1/2-1/2"]
[WhiteElo "2407"]
[BlackElo "2306"]

1.d4 d5 2.Nf3 Nf6 3.c4 c6 4.Nc3 dxc4 5.a4 Bf5 6.Ne5 Nbd7 7.Nxc4 Nb6 8.Ne5 a5
9.Bg5 h6 10.Bh4 e6 11.e4 Bh7 12.f3 Be7 13.Bf2 Nfd7 14.Nd3 O-O 15.Be2 Qc7
16.Qb3 Kh8 17.Rc1 Bg8 18.Bg3 Bd6 19.e5 Be7 20.d5 Nxd5 21.Nxd5 exd5 22.Qxd5 Rad8
23.Qa2 Qb6 24.Bf2 Qc7 25.Bg3 Qb6 26.Bf2  1/2-1/2

[Event "5th DA Tan Malaysian Open"]
[Site "Kuala Lumpur MAS"]
[Date "2008.08.22"]
[Round "8"]
[White "Li Shilong"]
[Black "Causo,D"]
[Result "1-0"]
[WhiteElo "2511"]
[BlackElo "2410"]

1.d4 d5 2.c4 c6 3.Nf3 Nf6 4.Nc3 dxc4 5.a4 Bf5 6.Ne5 e6 7.f3 Bb4 8.e4 Bxe4
9.fxe4 Nxe4 10.Bd2 Qxd4 11.Nxe4 Qxe4+ 12.Qe2 Bxd2+ 13.Kxd2 Qd5+ 14.Kc2 Na6
15.Nxc4 O-O-O 16.Qe3 Kb8 17.Qe5+ Ka8 18.Qxd5 Nb4+ 19.Kb3 Nxd5 20.Re1 Rhe8
21.h4 f6 22.Rh3 e5 23.Rg3 Rd7 24.Bd3 g6 25.Rf3 Rde7 26.Nd6 Rd8 27.Nc4 Rde8
28.Be4 f5 29.Bxf5 gxf5 30.Rxf5 Kb8 31.Rexe5 Kc7 32.g4 Ne3 33.Rxe7+ Rxe7 34.Nxe3 Rxe3+
35.Kc2 Kb6 36.Rh5 Re4 37.g5 Re7 38.Kd3 Ka6 39.Kd4 Kb6 40.b3 Ka6 41.Kc4 Kb6
42.Kc3 Ka6 43.Kd4 Kb6 44.Kc4 Ka6 45.b4 Kb6 46.a5+ Ka6 47.Rh6 Rd7 48.Kc5 Rd5+
49.Kc4 Rd7 50.Rf6 Re7 51.Rf4 Re1 52.Rg4 b6 53.h5 Re7 54.g6 hxg6 55.hxg6 Rg7
56.Rg5 bxa5 57.bxa5 c5 58.Kxc5 Kxa5 59.Rg4 Rc7+ 60.Kd6 Rg7 61.Kc6 a6 62.Kc5 Rc7+
63.Kd6 Rg7 64.Kc6 Rg8 65.g7 Rc8+ 66.Kb7 Rg8 67.Rg5+ Kb4 68.Kxa6 Kc4 69.Kb6 Kd4
70.Kc6 Ke4 71.Kd6  1-0

[Event "5th DA Tan Malaysian Open"]
[Site "Kuala Lumpur MAS"]
[Date "2008.08.23"]
[Round "10"]
[White "Sadorra,J"]
[Black "Simanjuntak,S"]
[Result "1-0"]
[WhiteElo "2470"]
[BlackElo "2256"]

1.Nf3 d5 2.d4 Nf6 3.c4 c6 4.Nc3 dxc4 5.a4 Bf5 6.e3 e6 7.a5 Nbd7 8.Bxc4 b5
9.axb6 axb6 10.Rxa8 Qxa8 11.Nh4 Bg6 12.Nxg6 hxg6 13.O-O Bb4 14.Qb3 Qa5 15.Bd2 O-O
16.Rd1 Ra8 17.e4 b5 18.Bxe6 fxe6 19.Qxe6+ Kh8 20.Qh3+ Kg8 21.e5 Nd5 22.Qe6+ Kh7
23.Qh3+ Kg8 24.Qe6+ Kh7 25.Qxd7 Bxc3 26.bxc3 Qa2 27.Qh3+ Kg8 28.Qd3 Ra3 29.e6 b4
30.Re1 Ne7 31.Bg5 Rxc3 32.Qe4 Qa7 33.Qf4  1-0

[Event "Jessie Gilbert Celebration Int"]
[Site "Coulsdon ENG"]
[Date "2008.08.25"]
[Round "10"]
[White "Thilaganathan,J"]
[Black "Williams,Pe"]
[Result "1/2-1/2"]
[WhiteElo "1931"]
[BlackElo "1867"]

1.d4 d5 2.c4 c6 3.Nc3 Nf6 4.Nf3 dxc4 5.a4 Bf5 6.Ne5 Nbd7 7.Nxc4 Qc7 8.g3 e5
9.dxe5 Nxe5 10.Bf4 Nfd7 11.Bg2 g5 12.Ne3 gxf4 13.Nxf5 O-O-O 14.Qc2 Nc5 15.O-O Ne6
16.Rfc1 Bb4 17.Qb3 Bxc3 18.Qxc3 Rhe8 19.b4 f3 20.Bxf3 Nxf3+ 21.Qxf3 Kb8 22.Qc3 Ng5
23.Nd4 Ne4 24.Qb2 h5 25.Nf3 f5 26.b5 Qb6 27.e3 a5 28.Rab1 c5 29.Rc2 Rd5 30.Nd2 Ng5
31.Nc4 Qe6 32.Nxa5 Nf3+ 33.Kh1 Qe4 34.Rc4 Nd4+ 35.Kg1 Nf3+ 36.Kh1 Nd4+ 37.Kg1 Nf3+
38.Kh1 Nd4+  1/2-1/2

[Event "LXXII ch-CRC Fase 2"]
[Site "San Jose CRC"]
[Date "2008.08.25"]
[Round "3"]
[White "Murillo,Alex"]
[Black "Vives,D"]
[Result "1-0"]
[WhiteElo "2319"]
[BlackElo "2061"]

1.d4 d5 2.c4 c6 3.Nf3 Nf6 4.Nc3 dxc4 5.a4 Bf5 6.e3 e6 7.Bxc4 Bb4 8.O-O Nbd7
9.Qe2 Bg6 10.Rd1 O-O 11.Bd2 a5 12.Be1 Qe7 13.Bd3 e5 14.Bxg6 hxg6 15.Ng5 Rad8
16.Qf3 Nb6 17.Qh3 Rfe8 18.dxe5 Qxe5 19.Rxd8 Rxd8 20.Qh8+ Kxh8 21.Nxf7+ Kh7
22.Nxe5 Nfd5 23.Nf7 Rd7 24.Ng5+ Kg8 25.Nge4 Re7 26.b3 Nxc3 27.Nxc3 Rd7 28.Kf1 Rd3
29.Rc1 Nd7 30.Ke2 Nc5 31.Ne4 Nxb3 32.Rb1  1-0

[Event "16th Nikea Open"]
[Site "Athens GRE"]
[Date "2008.08.26"]
[Round "2"]
[White "Dobrev,Nan"]
[Black "Kokolias,K"]
[Result "1-0"]
[WhiteElo "2423"]
[BlackElo "2197"]

1.d4 d5 2.Nf3 Nf6 3.c4 c6 4.Nc3 dxc4 5.a4 Bf5 6.Ne5 e6 7.f3 Bb4 8.Bg5 h6
9.Bh4 c5 10.dxc5 Qa5 11.Qd4 Nc6 12.Nxc6 bxc6 13.e4 Bxc5 14.Qxc4 Bg6 15.Qa6 Qxa6
16.Bxa6 Rb8 17.Ra2 O-O 18.Ke2 Nh5 19.Rc1 f5 20.exf5 Bxf5 21.Bg3 Nxg3+ 22.hxg3 Bd4
23.Bc4 Kh8 24.b3 e5 25.Rd2 Bg6 26.Nd1 c5 27.Nc3 a6 28.g4 Bf7 29.Ne4 Bg6 30.g5 Bxe4
31.fxe4 Rf4 32.Rh1 Kh7 33.Kd1 a5 34.Be6 Kg6 35.gxh6 gxh6 36.g4 Rb6 37.Bf5+ Kg7
38.Rh3 Rf1+ 39.Kc2 c4 40.Rdh2 Ra1 41.g5 Ra2+ 42.Kb1 Rxh2 43.Rxh2 hxg5 44.Rh7+ Kg8
45.Rh3 cxb3 46.Rh5 Kf8 47.Rh8+ Kg7 48.Rh7+ Kg8 49.Rh5 b2 50.Rxg5+ Kf8 51.Rh5 Rb4
52.Bd7 Rb3 53.Rh3 Rb7 54.Bb5 Rg7 55.Ka2 Rg1 56.Rf3+ Ke7 57.Rf1 Rg4 58.Bc6 Kd6
59.Bd5 Rg3 60.Rf6+ Ke7 61.Rf7+ Ke8 62.Rf1 Rg2 63.Kb1 Ke7 64.Ka2 Be3 65.Rf3 Bd4
66.Rf1 Rh2 67.Kb1 Kd6 68.Ka2 Rh6 69.Bb3 Kc5 70.Bc2 Rh2 71.Rf8 Kb4 72.Rb8+ Kc3
73.Bb1 Kd2 74.Rd8 Ke3 75.Rd5 Kd2 76.Rxa5 Rh3 77.Rb5 Kc1 78.Rb4 Ra3+ 79.Kxa3 Kxb1
80.Kb3 Kc1 81.Ka2 Bc3 82.Rb3 Kc2 83.Rb5 Kc1 84.a5 Bxa5 85.Rc5+  1-0